| 000 | 00542nam a2200181Ia 4500 | ||
|---|---|---|---|
| 008 | 100920s9999 xx 000 0 und d | ||
| 082 |
_b103498 _a891.463 न 08 |
||
| 100 | _aकुंभार म.रा. | ||
| 245 | _aराखण. | ||
| 260 |
_bअभिनंदन प्रकाशन , कोल्हापुर. _c2008 |
||
| 300 |
_a216 _bसाधी |
||
| 365 | _b210 | ||
| 520 | _aलघ्ुाकथा. | ||
| 630 | _aराखण. | ||
| 650 | _aलघ्ुाकथा. | ||
| 730 | _aराखण. | ||
| 942 | _cBOOK | ||
| 999 |
_c743930 _d743927 |
||